El mundo: 1990-2010. Claves en el cambio de milenio
Guardat en:
| Autor principal: | |
|---|---|
| Format: | Llibre |
| Idioma: | espanyol |
| Publicat: |
Santiago
Ediciones Revista Mensaje
2011
Valparaíso Pontificia Universidad Católica de Valparaíso 2011 |
| Matèries: | |
| Etiquetes: |
Afegir etiqueta
Sense etiquetes, Sigues el primer a etiquetar aquest registre!
|
MARC
| LEADER | 00000cam a2200000 a 4500 | ||
|---|---|---|---|
| 001 | UCF5932 | ||
| 003 | CL-VaPUC | ||
| 008 | 130404e20111100CL |||||||||||||||||spa|d | ||
| 020 | |a 9789568662103 | ||
| 082 | 0 | 4 | |a 930 |b FER |2 21 |
| 100 | 0 | |a Fernández Jilberto, Alex |e author |9 567932 | |
| 245 | 1 | 3 | |a El mundo: 1990-2010. Claves en el cambio de milenio |
| 300 | |a 298 p | ||
| 942 | |c BK | ||
| 945 | |d 20130404 00:00:00 |a dcastane | ||
| 260 | |a Santiago |b Ediciones Revista Mensaje |c 2011 | ||
| 260 | |a Valparaíso |b Pontificia Universidad Católica de Valparaíso |c 2011 | ||
| 650 | 0 | |a Historia mundial |9 521627 | |
| 650 | 0 | |a Historia siglo 20 |9 255736 | |
| 650 | 0 | |a Historia siglo 21 |9 337744 | |
| 583 | |a last modification |c 20130404 09:53:00 |k Rodrigo Vera | ||
| 999 | |c 351325 |d 351323 | ||
| 952 | |0 0 |1 0 |4 0 |6 930_000000000000000_FER_2011_2011 |7 0 |8 X |9 455370 |a FDOBUD |b FDOBUD |d 2019-11-22 |i 4860837 |o 930 FER 2011 2011 |p 4860837 |r 2019-11-22 |w 2019-11-22 |y BK_X |k BUD | ||